Statistics for Movies by Quotes - Tom Hardy

Click here to take the quiz!

General Stats

  • This quiz has been taken 11 times
  • The average score is 9 of 30

Answer Stats

HintAnswer% Correct
"You have got to get control of your aggression, or you will be pulled down into Area 51! You live in my body, you live by my rules!"Eddie Brock / Venom
100%
2010Inception
78%
2012The Dark Knight Rises
78%
2015Legend
56%
2015Mad Max: Fury Road
56%
"Oh, you think darkness is your ally. But you merely adopted the dark; I was born in it, moulded by it. I didn't see the light until I was already a man, by then it was nothing to me but BLINDING!"Bane
44%
2008Bronson
44%
2020Capone
44%
"You don't want to be trapped inside with me, sunshine. Inside, I'm somebody nobody wants to fuck with. Do you understand?"Charles Bronson
44%
2014The Drop
44%
2015The Revenant
44%
2021Venom: Let There Be Carnage
44%
"Well hear this, Gareth. When I left the site just over two hours ago, I had a job, a wife, a home. And now I have none of those things."Ivan Locke
33%
2013Locke
33%
2008RocknRolla
33%
"Once, I was a cop. A road warrior searching for a righteous cause. As the world fell, each of us in our own way was broken. It was hard to know who was more crazy... me... or everyone else."Max Rockatansky
22%
"Me and my brother, we're gonna rule London!"Reggie Kray / Ron Kray
22%
"I shot him in the face, twice. Then I wrapped his head in a towel, and I stabbed him in the chest in his heart, so he would bleed out, and I put him in my bathtub and watched him drain."Bob
11%
2015Child 44
11%
"What have I got to cheer up about? I'll be locked up in an 8-by-10 tomorrow night."Handsome Bob
11%
2012This Means War
11%
"You mustn't be afraid to dream a little bigger, darling."Eames
0%
"You lay one finger on my Lady Atlas, I will cut your fucking head off. Do you understand me?"Fonse
0%
"It is not the violence that sets men apart, alright, it is the distance that he is prepared to go."Forrest Bondurant
0%
"You came all this way just for your revenge, huh? Did you enjoy it, Glass?... 'Cause there ain't nothin' gon' bring your boy back."John Fitzgerald
0%
2012Lawless
0%
"Raisa. Do you think that... that I am... That I am truly a frightful man? You think maybe I am... a monster?"Leo Demidov
0%
"Childish dreams, Captain - lost in the dilithium mines of Remus."Praetor Shinzon
0%
2002Star Trek: Nemesis
0%
"A brave man once said to me, "Pain is weakness leaving the body.""Tuck
0%

Score Distribution

Percentile by Number Answered

Percent of People with Each Score

Your Score History

You have not taken this quiz